| 000 | 01307nam a2200325 i 4500 | ||
|---|---|---|---|
| 001 | bg | ||
| 003 | BPK | ||
| 005 | 20250801065401.0 | ||
| 008 | 971016s1988 pl a f |001 0 pol | ||
| 015 | _aPB 1989/677 | ||
| 020 | _a830106014X | ||
| 040 |
_aWA N _cBPK |
||
| 041 | 1 |
_apol _hrus _hger |
|
| 080 | _a51 | ||
| 080 | _a(07) | ||
| 100 | 1 |
_aBronštejn, Il'â Nikolaevič. _eAutor |
|
| 245 | 1 | 0 |
_aMatematyka : _bporadnik encyklopedyczny. _nCz. 1-2 / _cI. N. Bronsztejn, K. ; tł. [z ros. i niem.] Stefan Czarnecki, Robert Bartoszyński, A. Siemiendiajew. |
| 246 | 1 |
_iTyt. oryg.: _aSpravočnik po matematike dlja inženerov i učaščichsja vtuzov, _f1965. |
|
| 246 | 1 |
_iTyt. oryg.: _aTaschenbuch der Mathematik, _f1959. |
|
| 250 | _aWyd. 8. | ||
| 260 |
_aWarszawa : _bPańst. Wydaw. Naukowe, _c1988. |
||
| 300 |
_a2 cz. w 1 wol. (s. 3-254, [4], [1] k. tabl.) : _brys., wykr. ; _c17 cm. |
||
| 650 | 4 | _aMatematyka | |
| 655 | 4 | _aPodręcznik | |
| 700 | 1 |
_aSemendâev, Konstantin Adol'fovič _d(1908-1988). _eAutor |
|
| 700 | 1 |
_aBartoszyński, Robert _d(1933-1998) _eTłumaczenie |
|
| 700 | 1 |
_aCzarnecki, Stefan _d(1925-1982). _eTłumaczenie |
|
| 856 |
_uhttp://koha.tu.koszalin.pl/cgi-bin/koha/opac-detail.pl?biblionumber=28665 _yKatalog online BPK |
||
| 942 |
_2UKD _cKS |
||
| 999 |
_c28665 _d28665 |
||